| 000 | 00412nam a22001451a 4500 | ||
|---|---|---|---|
| 082 |
_aM3007 _bGEO/N |
||
| 100 |
_aGeorge Onakkoor _995005 |
||
| 245 |
_aNayaka sankalpam malayala novelil/ _cby George Onakkoor |
||
| 260 |
_aThiruvananthapuram: _bPrabhath, _c1986. |
||
| 300 | _a230p. | ||
| 650 |
_aNovel Malayalam Study _995006 |
||
| 650 |
_aLiterature Malayalam _995007 |
||
| 650 |
_aLiterature _995008 |
||
| 942 | _cBK | ||
| 999 |
_c30928 _d30928 |
||